000 00675nam a2200205 a 4500
001 000011950
005 20240412074229.0
008 091102s2008 dr a r 000 p spa d
040 _aDO-SdBNP
_bspa
_cBNPHU
082 _aRD861.5
_bR789L
100 1 _aRosario Alberto, Víctor Antonio,
_d1966-
_928230
245 1 0 _aLaberintos de amor /
_cVíctor Rosario.
260 _aBonao :
_bGutenberg,
_c2008.
300 _a70 p. :
_bil. ;
_c21 cm.
500 _aIncluye datos biográficos del autor en la contracubierta
590 _aInventariado, 2019/BT
650 0 _aPoesía dominicana
_966
650 0 _aLiteratura dominicana.
_967
910 _aValidado. Control de calidad. MMOLNA
999 _c11620
_d11620